| 000 | 00359nam a22001337a 4500 | ||
|---|---|---|---|
| 003 | SGT | ||
| 020 | _a9781107459366 | ||
| 082 |
_a345.0235 _bBAS |
||
| 100 | _aBASSIOUNI CHERIF M | ||
| 245 |
_aCRIMES AGAINST HUMANITY _bHISTORICAL EVOLUTION AND CONTEMPORARY APPLICATION |
||
| 260 |
_aUNITED KINGDOM _bCAMBRIDGE _c2014 |
||
| 300 | _aXXXVII,845 | ||
| 942 |
_2ddc _cBK |
||
| 999 |
_c22996 _d22996 |
||